Food lover's companion : (Record no. 2042)

000 -LEADER
fixed length control field 01014nam a22003257a 4500
001 - CONTROL NUMBER
control field 3869877
003 - CONTROL NUMBER IDENTIFIER
control field OSt
005 - DATE AND TIME OF LATEST TRANSACTION
control field 20210414105503.0
008 - FIXED-LENGTH DATA ELEMENTS--GENERAL INFORMATION
fixed length control field 890127s1990 nyua bd 000 0 eng
010 ## - LIBRARY OF CONGRESS CONTROL NUMBER
LC control number 89000140
020 ## - INTERNATIONAL STANDARD BOOK NUMBER
International Standard Book Number 0812041569
040 ## - CATALOGING SOURCE
Original cataloging agency DLC
Transcribing agency DLC
Modifying agency DLC
Language of cataloging eng
041 ## - LANGUAGE CODE
Language code of text/sound track or separate title eng
050 00 - LIBRARY OF CONGRESS CALL NUMBER
Classification number TX349
Item number .H533 1990
080 ## - UNIVERSAL DECIMAL CLASSIFICATION NUMBER
Universal Decimal Classification number 641
Item number H-57
082 00 - DEWEY DECIMAL CLASSIFICATION NUMBER
Classification number 641.5/03/21
Edition number 19
100 1# - MAIN ENTRY--PERSONAL NAME
Personal name Herbst, Sharon Tyler.
245 10 - TITLE STATEMENT
Title Food lover's companion :
Remainder of title comprehensive definitions of over 3000 food, wine, and culinary terms /
Statement of responsibility, etc. / by: Barron's Educational Series Inc
260 ## - PUBLICATION, DISTRIBUTION, ETC.
Place of publication, distribution, etc. New York
Name of publisher, distributor, etc. Barron's Educational Series Inc
Date of publication, distribution, etc. c1990.
300 ## - PHYSICAL DESCRIPTION
Extent ix, 582 p.
Other physical details ill. ;
Dimensions 19 cm.
365 ## - TRADE PRICE
Price amount 10.95 usd
440 #0 - SERIES STATEMENT/ADDED ENTRY--TITLE
Title Barron's cooking guide
504 ## - BIBLIOGRAPHY, ETC. NOTE
Bibliography, etc. note Bibliography: p. 574-581.
650 #0 - SUBJECT ADDED ENTRY--TOPICAL TERM
Topical term or geographic name entry element Food
Form subdivision Dictionaries.
650 #0 - SUBJECT ADDED ENTRY--TOPICAL TERM
Topical term or geographic name entry element Culinary
9 (RLIN) 468
650 #0 - SUBJECT ADDED ENTRY--TOPICAL TERM
Topical term or geographic name entry element Cooking
Form subdivision Dictionaries.
653 ## - INDEX TERM--UNCONTROLLED
Uncontrolled term კულინარია
906 ## - LOCAL DATA ELEMENT F, LDF (RLIN)
a 7
b cbc
c orignew
d 1
e ocip
f 19
g y-gencatlg
942 ## - ADDED ENTRY ELEMENTS (KOHA)
Source of classification or shelving scheme
Koha item type Books
Holdings
Withdrawn status Lost status Source of classification or shelving scheme Damaged status Not for loan Permanent location Current location Date acquired Inventory number Total Checkouts Full call number Barcode Date last seen Price effective from Koha item type
          Ken Walker International University Ken Walker International University 03/09/2021 631   641 H-57 631 03/09/2021 03/09/2021 Books

Powered by Koha